000 00763cam a2200241 a 4500
999 _c330472
_d330472
001 4749002
003 NUST
005 20170719120313.0
008 860718s1983 pk fa 000 0 urdo
010 _a 84931432
020 _cRs40.00
040 _aDLC
_cDLC
_dDLC
050 0 0 _aPK2200.Q277
_bK5 1983
082 _a891.4397
_bQAS
100 1 _aQāsmī, ʻAt̤āʼulḥaq.
_91461
245 1 0 _aK̲h̲and-i mukarrar /
_cAt̤āʼulḥaq Qāsmī.
250 _a1. aiḍīshan.
260 _aLāhore :
_bNasta'aleq matboat,
_c2012.
300 _a312 p.
_c22 cm.
500 _aIn Urdu.
650 0 _aUrdu wit and humor.
_91462
650 0 _aSatire, Urdu.
_93318
880 _6100-01\(3\r
_aعطاء الحق قاسمی
880 _6245-02\(3\r
_aخند مکرُر
_cعطاء الحق قاسمی
880 _6260-03\(3\r
_aلاہور:
_bنستعلیق مطبوعات،
_c2012
906 _a7
_bcbc
_corignew
_d4
_encip
_f19
_gy-gencatlg
942 _2ddc
_cBK